| 000 | 00626nam a2200217Ia 4500 | ||
|---|---|---|---|
| 001 | 7303 | ||
| 003 | GE_BSU | ||
| 008 | 181216s||||||||xx |||||||||||||| ||und|| | ||
| 040 | _cGE_BSU | ||
| 080 | _a624.27:624.041(075.8) | ||
| 100 | _aГибшман,Е.Е. | ||
| 245 | _aПроектирование деревянных мостов. | ||
| 245 | _bУчебник. | ||
| 245 | _cРед. Е.С.Голубкова. | ||
| 260 | _aМ. | ||
| 260 | _bТранспорт. | ||
| 260 | _c1965. | ||
| 300 | _a327стр.27см.с илл. | ||
| 653 | _aПроектирование деревянных мостов. | ||
| 942 | _cBK | ||
| 999 |
_c40675 _d40675 |
||